[Event "SEMI French Tarrasch email"]
[Site "SEMI email"]
[Date "2002.06.20"]
[Round "?"]
[White "Bomba, Claudio"]
[Black "Zaniratti, Ivano"]
[Result "0-1"]
[WhiteElo "1000"]
[BlackElo "2097"]
[PlyCount "44"]
[EventDate "2002.06.20"]
[EventType "tourn (corr)"]
[EventRounds "6"]
[EventCountry "ITA"]
[SourceTitle "Corr 2008"]
[Source "ChessBase"]
[SourceDate "2008.06.24"]
[SourceVersion "1"]
[SourceVersionDate "2008.06.24"]
[SourceQuality "1"]

1. e4 e6 2. d4 d5 3. Nd2 Nf6 4. Bd3 c5 5. exd5 Qxd5 6. Ngf3 cxd4 7. 0-0 Nc6 8. Re1 Be7 9. a3 h6 10. Bc4 Qh5 11. Nb3 e5 12. Nxe5 Qxd1 13. Bxf7+ Kf8 14. Ng6+ Kxf7 15. Nxh8+ Kg8 16. Rxd1 Kxh8 17. Nxd4 Nxd4 18. Rxd4 Nd7 19. Be3 Bf6 20. Rb4 b6 21. c3 Ne5 22. Rd1 Kg8 0-1